Culture Générale - Série 1689 - Statistiques

Statistiques générales
  • Ce quiz a été pris 83 fois
  • Le résultat moyen est 6 sur 10
Statistiques - réponses
Question Réponse % Correct
En 1982, Jean-Jacques Goldman chante : "Quand la musique est... bonne
99%
Dans le film "Les Dents de la mer" de Spielberg, dans quel océan un requin sème-t-il la terreur ? Atlantique
97%
Dans quel pays d'Europe se trouve la ville de Bolzano ? Italie
84%
Au tennis, quel mot anglais de 5 lettres désigne le coup consistant à rabattre violemment la balle de haut en bas sur la surface de jeu ? smash
70%
Quelle est la signification du mot latin "nimbus" de cumulo-nimbus ? nuage
65%
Dans quelle ville de Savoie a-t-on érigé, en 1838, la fontaine des Éléphants ? Chambéry
61%
Quelle actrice belge, révélée par "L'Auberge espagnole", incarne soeur Sourire au cinéma, en 2009 ? Cécile de France
42%
Quel pays a le même drapeau que la principauté de Monaco, mais plus grand ? Indonésie
34%
Quel nom porte la soupe de poisson sétoise dont le bouillon est passé en fin de cuisson et lié avec de l'aïoli, et qui rime avec "torride" ? bourride
16%
De quel pays est originaire le chien appelé "coton de tuléar" ? Madagascar
9%
Aucun quiz correspondant
Distribution des résultats
% des personnes avec chaque résultat
Percentile par nombre de réponses
Votre historique - résultats
Vous n’avez pas pris ce quiz